000 01746cam a2200313 a 4500
001 15689785
003 ARRUPE
005 20150217121834.0
008 090407s2009 miu b 001 0 eng
010 _a 2009014707
020 _a9781587432514 (pbk.)
020 _a158743251X (pbk.)
035 _a(OCoLC)ocn311752347
040 _aDLC
_cDLC
_dBTCTA
_dDTM
_dC#P
_dYDXCP
_dBWX
_dDLC
050 0 0 _aQH332
_b.W38 2009
082 0 0 _a241/.64957
_222
100 1 _aWaters, Brent.
_915183
245 1 0 _aThis mortal flesh :
_bincarnation and bioethics /
_cBrent Waters.
260 _aGrand Rapids, Mich. :
_bBrazos Press,
_cc2009.
300 _a205 p. ;
_c23 cm.
504 _aIncludes bibliographical references (p. 197-202) and index.
505 0 _aHow brave a new world? : God, technology, and medicine -- A theological reflection on reproductive medicine -- Are our genes our fate? : genomics and Christian theology -- Persons, neighbors, and embryos : some ethical reflections on human cloning and stem cell research -- Extending human life : to what end? -- What is Christian about Christian bioethics? -- Revitalizing medicine : empowering natality vs. fearing mortality -- The future of the human species -- Creation, creatures, and creativity : the Word and the final Word.
650 0 _aBioethics
_xReligious aspects
_xChristianity.
_915184
650 0 _aMedical ethics
_xReligious aspects
_xChristianity.
_915185
650 0 _aChristian ethics.
_915186
906 _a7
_bcbc
_corignew
_d1
_eecip
_f20
_gy-gencatlg
942 _2lcc
_cMONOGRAPH
999 _c122064
_d122064